000 00386nam a22001577a 4500
003 MACL
005 20150626123858.0
008 150626b xxu||||| |||| 00| 0 eng d
040 _cMACL
082 _a080
100 _aHandiwala,S
_9322
245 _aFacing the Corporate Interview
260 _aNew Delhi
_bArihant Publishers
_c2013
650 _aGenrties
_9323
942 _2ddc
_cBK
_k080
999 _c49919
_d49919